LIBRARY & INFORMATION CENTRE, KCAET, TAVANUR

ONLINE PUBLIC ACCESS CATALOGUE (OPAC)

Engineering for agricultural drainage (Record no. 13665)

MARC details
000 -LEADER
fixed length control field 00410nam a22001577a 4500
020 ## - INTERNATIONAL STANDARD BOOK NUMBER
ISBN 9788176222181
020 ## - INTERNATIONAL STANDARD BOOK NUMBER
ISBN 8176222186
082 ## - DEWEY DECIMAL CLASSIFICATION NUMBER
Classification number 631.587
Item number ROE/EN
100 ## - MAIN ENTRY--AUTHOR NAME
Personal name Roe, Harry Burgess,C.E
-- Ayres,Quincy Claude,C.E
245 ## - TITLE STATEMENT
Title Engineering for agricultural drainage
250 ## - EDITION STATEMENT
Edition statement HB
260 ## - PUBLICATION, DISTRIBUTION, ETC. (IMPRINT)
Place of publication Delhi
Name of publisher Biotech Books
Year of publication 2011
300 ## - PHYSICAL DESCRIPTION
Number of Pages 502
700 ## - ADDED ENTRY--PERSONAL NAME
Personal name Ayres, Quincy Claude
942 ## - ADDED ENTRY ELEMENTS (KOHA)
Koha item type Books
Holdings
Withdrawn status Lost status Damaged status Collection code Home library Current library Shelving location Date acquired Source of acquisition Cost, normal purchase price Full call number Accession Number Koha item type
      Non-fiction KAUAET KAUAET General Stacks 31/03/2012 International Books and periodical supply service, New Delhi 1500.00 631.587 ROE/EN 23559 Books
      Non-fiction KAUAET KAUAET General Stacks 31/03/2012 International Books and periodical supply service, New Delhi 1500.00 631.587 ROE/EN 23560 Books
      Non-fiction KAUAET KAUAET General Stacks 31/03/2012 Universal Research Books, Trichur 1500.00 631.587 ROE/EN 23377 Books
      Non-fiction KAUAET KAUAET General Stacks 31/03/2012 International Books & Periodicals Supply Service, Delhi 1500.00 631.587 ROE/EN 23419 Books
        KAUAET KAUAET General Stacks 13/06/2016 Universal Research Books, Thrissur 1500.00 631.587 ROE/EN 24283 Books
free website counter